000 00426nam a2200169 4500
003 LK-CoMWRAF
005 20240103100152.0
008 230906b |||||||| |||| 00| 0 eng d
020 _a0721415393
040 _aLK-CoMWRAF
_dLK-CoMWRAF
_eLK-CoMWRAF
041 _aeng
082 _a823
_bSTE
245 _aFavourite Tales :
_bThe gingerbread man
650 _aChildren story
700 _aStevenson, Peter
_eills.
942 _cBK
999 _c3442
_d3442